| 000 | 00523nam a2200181Ia 4500 | ||
|---|---|---|---|
| 005 | 20250326144133.0 | ||
| 008 | 250326s9999 xx 000 0 und d | ||
| 037 | _aTextbook | ||
| 040 |
_aFMSL _beng _cFMSL |
||
| 041 |
_aeng _2eng |
||
| 084 |
_aX:89ZB L7 _qFMSL |
||
| 100 |
_aRaman M V V _9305957 |
||
| 245 | 0 |
_aProductivity and economic growth _cRaman M V V |
|
| 260 |
_aNew Delhi _bNew Delhi, National Productivity Council _c1977 |
||
| 300 | _a42p | ||
| 942 |
_cTB _hX:89ZB L7 |
||
| 999 |
_c1302516 _d1302516 |
||